| 000 | 00861nam a2200229Ii 4500 | ||
|---|---|---|---|
| 003 | JO-AjNU | ||
| 008 | 230605s9999||||xx |||||||||||||| ||und|| | ||
| 017 | _a2006/19594 | ||
| 020 | _a977-388-098-8 | ||
| 040 |
_aJO-AjNU _bara _erda _cJO-AjNU |
||
| 041 | _aara | ||
| 050 | 1 | 4 | _aHM263 2007 |
| 100 | 3 |
_aاعداد: البدوي، محمد السيد, _eauthor _934249 |
|
| 245 | 0 | 0 | _aالقواعد الاساسية للعلاقات العامة ووسائل الاتصال الفعالة |
| 264 | 3 | 1 | _aالاسكندرية: مركز الاسكندرية للكتاب،2007 |
| 300 | _a83ص | ||
| 336 |
_atext _btxt _2rdacontent |
||
| 337 |
_aunmediated _bn _2rdamedia |
||
| 338 |
_avolume _bnc _2rdacarrier |
||
| 490 | 0 | _aسلسلة التنمية البشرية والتطوير الاداري | |
| 650 | 4 |
_aالاتصال - علم الاجتماع _934250 |
|
| 999 |
_aA14021 _c17589 _d17589 |
||